Detalles MARC
| 000 -LEADER |
| campo de control de longitud fija |
02601cam a22004334i 4500 |
| 003 - IDENTIFICADOR DE NÚMERO DE CONTROL |
| campo de control |
PE-LiUPU |
| 005 - FECHA Y HORA DE LA ÚLTIMA TRANSACCIÓN |
| campo de control |
20250731183349.0 |
| 008 - DATOS DE LONGITUD FIJA--INFORMACIÓN GENERAL |
| campo de control de longitud fija |
160109s2003 sp aeo r 001 0 engdd |
| 020 ## - NÚMERO INTERNACIONAL ESTÁNDAR DEL LIBRO |
| Número Internacional Estándar del Libro |
0060536098 |
| 020 ## - NÚMERO INTERNACIONAL ESTÁNDAR DEL LIBRO |
| Número Internacional Estándar del Libro |
9780060536091 |
| 035 ## - NÚMERO DE CONTROL DEL SISTEMA |
| Número de control de sistema |
(Sirsi) i9780060536091 |
| 040 ## - FUENTE DE CATALOGACIÓN |
| Centro catalogador/agencia de origen |
SPSFM |
| Lengua de catalogación |
spa |
| Centro/agencia transcriptor |
SPSFM |
| Centro/agencia modificador |
PE-LiUPU |
| Normas de descripción |
rda |
| 082 04 - NÚMERO DE LA CLASIFICACIÓN DECIMAL DEWEY |
| Número de clasificación |
728.37 |
| Cutter |
W3 |
| Número de edición |
22 |
| 245 00 - MENCIÓN DEL TÍTULO |
| Título |
Waterfront retreats / |
| Mención de responsabilidad, etc. |
edited by Ana G. Cañizares. |
| 264 ## - PRODUCCIÓN, PUBLICACIÓN, DISTRIBUCIÓN, FABRICACIÓN Y COPYRIGHT |
| Producción, publicación, distribución, fabricación y copyright |
Barcelona : |
| Nombre del de productor, editor, distribuidor, fabricante |
Loft Publications, |
| Fecha de producción, publicación, distribución, fabricación o copyright |
2003. |
| 300 ## - DESCRIPCIÓN FÍSICA |
| Extensión |
175 páginas : |
| Otras características físicas |
ilustraciones ; |
| Dimensiones |
27 centímetros. |
| 336 ## - TIPO DE CONTENIDO |
| Término de tipo de contenido |
text |
| Fuente |
rdacontent |
| 337 ## - TIPO DE MEDIO |
| Nombre/término del tipo de medio |
unmediated |
| Fuente |
rdamedia |
| 338 ## - TIPO DE SOPORTE |
| Nombre/término del tipo de soporte |
volume |
| Fuente |
rdacarrier |
| 505 0# - NOTA DE CONTENIDO CON FORMATO |
| Nota de contenido con formato |
Weiss house (Steven Harris Architects) -- Equis house (Barclay & Crousse) -- Rochman residence (Callas Shortridge Architects) -- House in Milos (Jean Bocabeille and Ignacio Prego) -- Vancouver house (Patkau Architects) -- Reutter house (Mathias Klotz) -- Summer house (Saunders & Wilhelmsen) -- Gledhill house (Tanner Architects) -- House on Fire Island (Bromley Caldari Architects, Jorge Rangel, interior designer) -- Island house (Shim-Sutcliffe Architects) -- Hodges place (Knox Bhavan Architects) -- James van Sweden house (SORG Architects) -- Cookson Smith house (Edward Cullinan Architects) -- Cardy net factory (Mike Rolland) -- Wedge house (Stutchbury & Pape) -- Bruckner house (Eric Cobb) -- Muskoka boathouse (Shim-Sutcliffe Architects) -- House on Evening Hill (Horden Cherry Lee Architects) -- House in Miami (Jorge Rangel, interior designer) -- House #22 (Brian MacKay-Lyons) -- Dunbar residence (Nick Milkovich and Arthur Erickson) -- Directory. |
| 526 ## - NOTA DE INFORMACIÓN SOBRE EL PROGRAMA DE ESTUDIO |
| Nombre del programa |
Maestría Bim Facility Management (A distancia) |
| 526 ## - NOTA DE INFORMACIÓN SOBRE EL PROGRAMA DE ESTUDIO |
| Nombre del programa |
|
| 526 ## - NOTA DE INFORMACIÓN SOBRE EL PROGRAMA DE ESTUDIO |
| Nombre del programa |
Educación musical y artes |
| 526 ## - NOTA DE INFORMACIÓN SOBRE EL PROGRAMA DE ESTUDIO |
| Nombre del programa |
Educación, especialidad educación física |
| 526 ## - NOTA DE INFORMACIÓN SOBRE EL PROGRAMA DE ESTUDIO |
| Nombre del programa |
Arquitectura |
| 541 ## - NOTA DE FUENTE DE ADQUISICIÓN DIRECTA |
| -- |
003-001196; |
| 596 ## - |
| -- |
1 |
| 650 #4 - PUNTO DE ACCESO ADICIONAL DE MATERIA--TÉRMINO DE MATERIA |
| Término de materia o nombre geográfico como elemento de entrada |
Arquitectura doméstica. |
| 9 (RLIN) |
3375 |
| 650 #4 - PUNTO DE ACCESO ADICIONAL DE MATERIA--TÉRMINO DE MATERIA |
| Término de materia o nombre geográfico como elemento de entrada |
Riberas. |
| 650 #4 - PUNTO DE ACCESO ADICIONAL DE MATERIA--TÉRMINO DE MATERIA |
| Término de materia o nombre geográfico como elemento de entrada |
Viviendas unifamiliares. |
| 650 #4 - PUNTO DE ACCESO ADICIONAL DE MATERIA--TÉRMINO DE MATERIA |
| Término de materia o nombre geográfico como elemento de entrada |
Zona costera. |
| 700 1# - ENTRADA AGREGADA--NOMBRE PERSONAL |
| Nombre de persona |
Cañizares, Ana G., |
| Término indicativo de función/relación |
editor. |
| 856 42 - LOCALIZACIÓN Y ACCESO ELECTRÓNICOS |
| Materiales especificados |
Tabla de contenido |
| Identificador Uniforme de Recursos |
<a href="http://www.harpercollins.com/books/9780060536091/Waterfront_Retreats/index.aspx">http://www.harpercollins.com/books/9780060536091/Waterfront_Retreats/index.aspx</a> |
| Nota pública |
Más información sobre el libro |
| 910 ## - DATOS DE OPCIÓN DEL USUARIO (OCLC) |
| Datos de opción del usuario |
jck |
| -- |
ebj |
| -- |
ebj |
| -- |
20160630 |
| 942 ## - ELEMENTOS DE ENTRADA SECUNDARIOS (KOHA) |
| Fuente del sistema de clasificación o colocación |
Clasificación Decimal Dewey |
| Tipo de ítem Koha |
|
| 949 ## - PROCESAMIENTO DE INFORMACIÓN LOCAL (OCLC) |
| a |
728.37 W3 |
| w |
DEWEY |
| c |
1 |
| i |
73817 |
| l |
CATALOGING |
| m |
BUL |
| p |
9.30 |
| r |
0 |
| s |
Y |
| t |
BOOK |
| u |
30/06/16 |
| x |
INGENIERIA |
| -- |
P06 |
| o |
.STAFF. Colección General |
| 0 |
compra |
| 994 ## - |
| -- |
C0 |
| -- |
PEPRU |
| 999 ## - NÚMEROS DE CONTROL DE SISTEMA (KOHA) |
| -- |
DEWEY |
| -- |
73817 |
| -- |
2016-9-15 |
| -- |
2021-11-10 |
| -- |
7 |
| -- |
CCODEBUL1 |
| -- |
BUL |
| -- |
1 |
| -- |
9.30 |
| -- |
0 |
| -- |
Y |
| -- |
BOOK |
| -- |
2016-6-30 |
| -- |
INGENIERIA |
| -- |
P06 |
| -- |
COMPRA |
| -- |
.STAFF. Colección General |
| 980 ## - EQUIVALENCIA O REFERENCIA-CRUZADA-MENCIÓN DE SERIE--NOMBRE DE PERSONA/TÍTULO [LOCAL, CANADÁ] |
| ID del último usuario que modificó el registro |
1 |
| Nombre del último usuario que modificó el registro |
ALBERTO SANCHEZ Responsable de Automatización |